| 000 | 00396nam a2200109Ia 4500 | ||
|---|---|---|---|
| 008 | 171211s9999 xx 000 0 und d | ||
| 245 | _aEncyclopaedia of the History of Science, Technology, and Medicine in Non-Western Cultures (2nd edition) | ||
| 245 | _cHelaine Selin | ||
| 260 | _c2008 | ||
| 650 | _xEncyclopedia and Dictionary | ||
| 856 | _uhttp://down.ebook777.com/058/140204559X_1402049609.pdf | ||
| 999 |
_c350164 _d350164 |
||